Als Kunstgeschichte populär wurde : illustrierte Kunstbuchserien 1860-1960 und der Kanon der westlichen Kunst

Zur Entwicklung der modernen Kunstwissenschaft gehört untrennbar die Geschichte ihrer Popularisierung. Illustrierte Kunstbuchserien sind zentrale Medien, die Kunstinteresse beim breiten Publikum wecken und Fachwissen vermitteln, demokratisieren und international verbreiten. Ihre Geschichte und Wirk...

Full description

Saved in:
Bibliographic Details
Main Author: Kitschen, Friederike (Author, VerfasserIn)
Corporate Author: Deutscher Verlag für Kunstwissenschaft (Verlag)
Document Type: Book
Language:German
Published: Berlin : Deutscher Verlag für Kunstwissenschaft , 2021
Series:Jahresgabe / Deutschen Vereins für Kunstwissenschaft e.V. 2020
Subjects:
Online Access:Inhaltsverzeichnis
Rezension
Cover
Rezension
Inhaltsverzeichnis
Related Items:Rezensiert in: Wie eine Bücherflut den Kanon der westlichen Kunst in die Welt schwemmte
Rezensiert in: [Rezension von: Friederike Kitschen, Als Kunstgeschichte populär wurde]
Rezensiert in: Wie eine Bücherflut den Kanon der westlichen Kunst in die Welt schwemmte
Rezensiert in: Kunst für "breite Bevölkerungsschichten"
Rezensiert in: [Rezension von: Friederike Kitschen, Als Kunstgeschichte populär wurde, illustrierte Kunstbuchserien 1860-1960 und der Kanon der westlichen Kunst]
Author Notes:Friederike Kitschen
LEADER 07262cam a2201141 c 4500
001 1691259519
003 DE-627
005 20260420115426.0
007 tu
008 200228s2021 gw ||||| 00| ||ger c
015 |a 20,N52  |2 dnb 
015 |a 22,A09  |2 dnb 
016 7 |a 1223789098  |2 DE-101 
020 |a 9783871572562  |q Festeinband : EUR 99.00 (DE), EUR 101.80 (AT)  |9 978-3-87157-256-2 
020 |a 387157256X  |9 3-87157-256-X 
024 3 |a 9783871572562 
035 |a (DE-627)1691259519 
035 |a (DE-603)47648488X 
035 |a (DE-599)KXP1691259519 
035 |a (OCoLC)1227929282 
035 |a (OCoLC)1246144771 
035 |a (OCoLC)1260211619 
040 |a DE-627  |b ger  |c DE-627  |e rda 
041 |a ger 
044 |c XA-DE 
082 0 |a 070.509034  |q DE-101 
082 0 |a 709  |q DE-101 
082 0 4 |a 070  |a 700  |q DE-101 
084 |a KUNST  |q DE-16  |2 fid 
084 |a LH 62000  |2 rvk  |0 (DE-625)rvk/94235: 
084 |a LH 61045  |q DE-24/21sred  |2 rvk  |0 (DE-625)rvk/94203: 
084 |a AN 19160  |2 rvk  |0 (DE-625)rvk/5825: 
084 |a LH 60200  |2 rvk  |0 (DE-625)rvk/94179: 
084 |a 20.30  |2 bkl 
084 |a 20.01  |2 bkl 
084 |a 06.21  |2 bkl 
084 |a 20.10  |2 bkl 
090 |a a 
100 1 |a Kitschen, Friederike  |e VerfasserIn  |0 (DE-588)1237052394  |0 (DE-627)1762945347  |4 aut 
245 1 0 |a Als Kunstgeschichte populär wurde  |b illustrierte Kunstbuchserien 1860-1960 und der Kanon der westlichen Kunst  |c Friederike Kitschen 
264 1 |a Berlin  |b Deutscher Verlag für Kunstwissenschaft  |c 2021 
300 |a 390 Seiten  |b Illustrationen  |c 29 cm 
336 |a Text  |b txt  |2 rdacontent 
336 |a unbewegtes Bild  |b sti  |2 rdacontent 
337 |a ohne Hilfsmittel zu benutzen  |b n  |2 rdamedia 
338 |a Band  |b nc  |2 rdacarrier 
490 1 |a Jahresgabe / Deutschen Vereins für Kunstwissenschaft e.V.  |v 2020 
500 |a Literaturverzeichnis: Seite 364-371 
500 |a Gesamttitelangabe aus dem Vorwort 
520 |a Zur Entwicklung der modernen Kunstwissenschaft gehört untrennbar die Geschichte ihrer Popularisierung. Illustrierte Kunstbuchserien sind zentrale Medien, die Kunstinteresse beim breiten Publikum wecken und Fachwissen vermitteln, demokratisieren und international verbreiten. Ihre Geschichte und Wirkung wird hier erstmals umfassend analysiert und im Kontext anderer Vermittlungsinstanzen wie Museen, Ausstellungen, Kunsthandel und Presse erörtert. Die rund um die Welt erscheinenden Kunstbuchserien popularisierten die Werke Alter Meister ebenso wie die moderne Kunst des 19. und 20. Jahrhunderts. 
583 1 |a Archivierung/Langzeitarchivierung gewährleistet  |f FID  |x XA-DE-BW  |2 pdager  |5 DE-16 
689 0 0 |d s  |0 (DE-588)4138803-3  |0 (DE-627)105639966  |0 (DE-576)209689137  |a Kunstgeschichte  |g Fach  |2 gnd 
689 0 1 |d s  |0 (DE-588)4200720-3  |0 (DE-627)105171484  |0 (DE-576)210137444  |a Popularisierung  |2 gnd 
689 0 2 |d s  |0 (DE-588)4279614-3  |0 (DE-627)104389869  |0 (DE-576)210745797  |a Kunstbuch  |2 gnd 
689 0 3 |d s  |0 (DE-588)4179998-7  |0 (DE-627)104628669  |0 (DE-576)209995106  |a Monografische Reihe  |2 gnd 
689 0 4 |a z  |2 gnd  |a Geschichte 1860-1960 
689 0 |5 DE-101 
689 1 0 |d s  |0 (DE-588)4114333-4  |0 (DE-627)105822957  |0 (DE-576)209483733  |a Kunst  |2 gnd 
689 1 1 |d s  |0 (DE-588)4131583-2  |0 (DE-627)105694053  |0 (DE-576)209628456  |a Kanon  |2 gnd 
689 1 2 |d s  |0 (DE-588)4179998-7  |0 (DE-627)104628669  |0 (DE-576)209995106  |a Monografische Reihe  |2 gnd 
689 1 3 |a z  |2 gnd  |a Geschichte 1860-1960 
689 1 |5 DE-101 
710 2 |a Deutscher Verlag für Kunstwissenschaft  |g Berlin, West  |e Verlag  |0 (DE-588)806280-8  |0 (DE-627)709225717  |0 (DE-576)192796844  |4 pbl 
787 0 8 |i Rezensiert in  |a Kościelniak, Marta, 1983 -   |t Wie eine Bücherflut den Kanon der westlichen Kunst in die Welt schwemmte  |d 2022  |w (DE-627)1882350138 
787 0 8 |i Rezensiert in  |a Tietenberg, Annette, 1964 -   |t [Rezension von: Friederike Kitschen, Als Kunstgeschichte populär wurde]  |d 2022  |w (DE-627)1924024144 
787 0 8 |i Rezensiert in  |a Kościelniak, Marta, 1983 -   |t Wie eine Bücherflut den Kanon der westlichen Kunst in die Welt schwemmte  |d 2022  |w (DE-627)1802481486 
787 0 8 |i Rezensiert in  |a Imorde, Joseph, 1963 -   |t Kunst für "breite Bevölkerungsschichten"  |d 2022  |w (DE-627)1818889781 
787 0 8 |i Rezensiert in  |a Walter, Morgane  |t [Rezension von: Friederike Kitschen, Als Kunstgeschichte populär wurde, illustrierte Kunstbuchserien 1860-1960 und der Kanon der westlichen Kunst]  |d 2024  |w (DE-627)1931326673 
810 2 |a Deutscher Verein für Kunstwissenschaft  |t Jahresgabe des Deutschen Vereins für Kunstwissenschaft  |v 2020  |9 2020  |w (DE-627)129549312  |w (DE-576)015002144  |w (DE-600)219043-6  |7 am 
856 4 2 |u https://swbplus.bsz-bw.de/bsz1691259519inh.htm  |m V:DE-576;B:DE-16  |q application/pdf  |v 20210810193618  |3 Inhaltsverzeichnis  |7 1 
856 4 2 |u https://swbplus.bsz-bw.de/bsz1691259519rez.htm  |m V:DE-576  |m B:DE-16  |v 20220226193023  |3 Rezension  |7 1 
856 4 2 |u https://www.froelichundkaufmann.de/out/pictures/generated/product/1/665_665_80/als-kunstgeschichte-populaer-wurde-illustrierte-kunstbuchser_1315811.jpg  |x Verlag  |3 Cover  |7 1 
856 4 2 |u http://www.sehepunkte.de/2022/01/36165.html  |m V:DE-576  |m X:Sehepunkte  |q text/html  |v 20220615140952  |3 Rezension  |7 1 
856 4 2 |u http://scans.hebis.de/HEBCGI/show.pl?47648488_toc.pdf  |m V:DE-603;B:DE-17  |q application/pdf  |3 Inhaltsverzeichnis  |7 1 
935 |i sf 
936 r v |a LH 62000  |b Allgemeines (Berufsfragen s. LH 61190)  |k Kunstgeschichte  |k Allgemeines. Allgemeine Kunstgeschichte  |k Geschichte der Kunstwissenschaft  |k Allgemeines (Berufsfragen s. LH 61190)  |0 (DE-627)1271071983  |0 (DE-625)rvk/94235:  |0 (DE-576)201071983 
936 r v |a LH 61045  |b Kunstrezeption, Rezeptionsästhetik  |k Kunstgeschichte  |k Allgemeines. Allgemeine Kunstgeschichte  |k Theorie und Praxis der Bildenden Kunst  |k Theorie der Bildenden Kunst  |k Kunstrezeption, Rezeptionsästhetik  |0 (DE-627)1270637401  |0 (DE-625)rvk/94203:  |0 (DE-576)200637401 
936 r v |a AN 19160  |b Kunstbuch  |k Allgemeines  |k Buch- und Bibliothekswesen, Informationswissenschaft  |k Buchwesen  |k Buchgattungen und -formen  |k Kunstbuch  |0 (DE-627)1270676504  |0 (DE-625)rvk/5825:  |0 (DE-576)200676504 
936 r v |a LH 60200  |b Kunstsoziologie (sämtlicher oder mehrerer Kunstgattungen)/ Soziologie des Künstlers. Allgemeines  |k Kunstgeschichte  |k Allgemeines. Allgemeine Kunstgeschichte  |k Bildende Kunst in Staat und Gesellschaft  |k Kunstsoziologie (sämtlicher oder mehrerer Kunstgattungen) Soziologie des Künstlers  |k Kunstsoziologie (sämtlicher oder mehrerer Kunstgattungen)/ Soziologie des Künstlers. Allgemeines  |0 (DE-627)1270643150  |0 (DE-625)rvk/94179:  |0 (DE-576)200643150 
936 b k |a 20.30  |j Kunstgeschichte: Allgemeines  |0 (DE-627)106410326 
936 b k |a 20.01  |j Geschichte der Kunstwissenschaften  |0 (DE-627)106406485 
936 b k |a 06.21  |j Buchgeschichte  |0 (DE-627)106403605 
936 b k |a 20.10  |j Kunst und Gesellschaft  |0 (DE-627)106406256 
936 s n |a l300  |2 mzub 
936 s n |a a200  |2 mzub 
936 s n |a a300  |2 mzub 
951 |a BO 
990 |a Kunstgeschichte 
990 |a Popularisierung 
990 |a Kunstbuch 
990 |a Monografische Reihe 
990 |a Geschichte 1860-1960 
990 |a Kunst 
990 |a Kanon 
990 |a Monografische Reihe 
990 |a Geschichte 1860-1960 
991 |a Rezensiertes Werk 
999 |a KXP-PPN1691259519  |e 4967469914